[Event "Airthings Masters - Torneo Preliminare"]
[Site "Internet"]
[Date "03.02.2023"]
[Round "6"]
[White "Petrosyan, Manuel"]
[Black "Vidit, Santosh Gujrathi"]
[Result "1-0"]
[WhiteTitle ""]
[BlackTitle ""]
[WhiteElo "2634"]
[BlackElo "2730"]
[WhiteFideId "13300857"]
[BlackFideId "5029465"]
[EventDate "2023.02.03"]

1. d4 Nf6 2. Bf4 e6 3. e3 c5 4. Nd2 Nc6 5. Ngf3 h6 6. h3 d5 7. c3 Bd6 8. Bd3 Qc7
9. Bxd6 Qxd6 10. O-O O-O 11. Qe2 e5 12. dxc5 Qxc5 13. e4 Re8 14. Rfe1 Be6 15.
exd5 Nxd5 16. Nb3 Qb6 17. Bc4 Nf4 18. Qe4 Bxc4 19. Qxc4 Rad8 20. Rad1 Rxd1 21.
Rxd1 Rd8 22. Rxd8+ Qxd8 23. Nbd2 Qd3 24. g3 Nxh3+ 25. Kg2 Qf5 26. Qe4 Qe6 27.
Qc4 Ng5 28. Nxg5 Qxc4 29. Nxc4 hxg5 30. Kf3 f6 31. Ke4 Ne7 32. Nd6 b6 33. Nb5 a5
34. Nd6 g4 35. a4 g6 36. Nc4 Kf7 37. Nxb6 Ke6 38. Kd3 f5 39. b4 axb4 40. cxb4
Kd6 41. a5 f4 42. a6 Nc6 43. b5 Na7 44. Nc4+ Kc5 45. b6 Nc6 46. a7 Nb4+ 47. Ke4
Kxc4 48. a8=Q 1-0

[Event "Airthings Masters - Torneo Preliminare"]
[Site "Internet"]
[Date "03.02.2023"]
[Round "6"]
[White "Gascon Del Nogal, Jose Rafael"]
[Black "Lenderman, Aleksandr"]
[Result "0-1"]
[WhiteTitle ""]
[BlackTitle ""]
[WhiteElo "2460"]
[BlackElo "2572"]
[WhiteFideId "3902463"]
[BlackFideId "2021285"]
[EventDate "2023.02.03"]

1. e4 e5 2. Nf3 Nf6 3. Nxe5 d6 4. Nc4 Nxe4 5. Qe2 Qe7 6. Ne3 Nc6 7. Nc3 Nxc3 8.
dxc3 Be6 9. g3 g6 10. Bg2 Bg7 11. Nd5 Bxd5 12. Bxd5 Qxe2+ 13. Kxe2 Rf8 14. h4 h5
15. Bg5 Kd7 16. Rae1 Nd8 17. Kd2 Ne6 18. Be3 c6 19. Bg2 d5 20. Kc1 b5 21. Re2 a5
22. Rhe1 Rfe8 23. Bh3 f5 24. f3 Be5 25. g4 Nf4 26. Bxf4 Bxf4+ 27. Kd1 Rxe2 28.
Rxe2 hxg4 29. fxg4 Rh8 30. h5 g5 31. Rg2 Kd6 32. b3 b4 33. cxb4 axb4 34. Re2 Be5
35. Kd2 f4 36. Bg2 Ra8 37. Bf3 Rxa2 38. Rh2 Bc3+ 39. Kd3 Ra8 40. h6 Re8 41. Re2
Rh8 42. Rh2 Rh7 43. Ke2 Re7+ 44. Kf2 Bd4+ 45. Kg2 Re1 46. Rh1 Rxh1 47. Kxh1 Kc5
48. Be2 Be5 49. Ba6 Kd4 50. Bb7 c5 51. Kg2 Ke4 52. h7 f3+ 53. Kf2 Kf4 54. Bxd5
Bd4+ 55. Kf1 Kxg4 56. Be4 Kf4 57. Bd5 g4 58. Be6 g3 59. Bh3 Kg5 0-1

[Event "Airthings Masters - Torneo Preliminare"]
[Site "Internet"]
[Date "03.02.2023"]
[Round "6"]
[White "Xu, Xiangyu"]
[Black "Yu, Yangyi"]
[Result "1/2-1/2"]
[WhiteTitle ""]
[BlackTitle ""]
[WhiteElo "2578"]
[BlackElo "2729"]
[WhiteFideId "8608288"]
[BlackFideId "8603820"]
[EventDate "2023.02.03"]

1. d4 Nf6 2. c4 e6 3. g3 d5 4. Bg2 Be7 5. Nf3 O-O 6. Qc2 dxc4 7. Qxc4 a6 8. Bf4
Nd5 9. Qc2 Nc6 10. Qd2 Bf6 11. Be5 Nxe5 12. dxe5 Be7 13. O-O Bd7 14. Rd1 Ba4 15.
b3 Be8 16. h4 h6 17. Qc1 Qc8 18. Nd4 Nb6 19. Nc3 c5 20. Nc2 Bc6 21. Qf4 Bxg2 22.
Kxg2 c4 23. b4 Qc6+ 24. Qf3 Qc7 25. Qe4 Rfd8 26. a3 Nd7 27. f4 b5 28. Rd2 Nb6
29. Rad1 Bf8 30. h5 Rxd2 31. Rxd2 Rd8 32. Rxd8 Qxd8 33. Nd4 Qd7 34. e3 Nd5 35.
Nxd5 exd5 36. Qc2 a5 37. bxa5 Bxa3 38. a6 Bc5 39. Qa2 c3 40. Nc2 b4 41. Qa5 Qf5
42. Qxc5 Qxc2+ 43. Kh3 Qa4 44. a7 c2 45. Qc8+ Kh7 46. Qf5+ Kg8 47. Qc8+ Kh7 48.
Qf5+ Kg8 49. Qc8+ 1/2-1/2

[Event "Airthings Masters - Torneo Preliminare"]
[Site "Internet"]
[Date "03.02.2023"]
[Round "6"]
[White "Omelja, Artem"]
[Black "Grandelius, Nils"]
[Result "0-1"]
[WhiteTitle ""]
[BlackTitle ""]
[WhiteElo "2437"]
[BlackElo "2660"]
[WhiteFideId "14119846"]
[BlackFideId "1710400"]
[EventDate "2023.02.03"]

1. e4 c5 2. Nf3 d6 3. Bb5+ Bd7 4. Bxd7+ Qxd7 5. O-O Nc6 6. Re1 e6 7. d4 cxd4 8.
Nxd4 Nf6 9. Nc3 Be7 10. Nxc6 Qxc6 11. Bg5 O-O 12. Qd3 a6 13. Rad1 Rfd8 14. h3 b5
15. a3 Rac8 16. Rd2 Qb7 17. Red1 h6 18. Bf4 e5 19. Be3 Rxc3 20. bxc3 Nxe4 21.
Re2 Rc8 22. Bd2 Rc4 23. Be1 Qc6 24. Re3 Nc5 25. Qd5 Qxd5 26. Rxd5 f5 27. f3 Kf7
28. Re2 Ra4 29. Bf2 Ne6 30. Rd1 Rxa3 31. Be1 Ra4 32. g3 h5 33. h4 f4 34. Kg2 Rc4
35. Ra1 fxg3 36. Bxg3 Rxc3 37. Rxa6 Nd4 38. Rf2 Nxc2 39. f4 Ne3+ 40. Kh1 Rc1+
41. Kh2 Ng4+ 42. Kg2 Nxf2 43. Kxf2 exf4 44. Bxf4 Rc4 45. Kg3 Ke6 46. Rb6 b4 47.
Bd2 Bxh4+ 48. Kh3 Be7 49. Bxb4 g5 50. Kg2 h4 51. Rb7 g4 52. Be1 Rc2+ 53. Kf1 g3
54. Rb3 Bf6 55. Re3+ Be5 56. Kg1 Kf5 57. Rd3 Ke4 58. Rd1 Bd4+ 59. Kh1 g2+ 0-1

[Event "Airthings Masters - Torneo Preliminare"]
[Site "Internet"]
[Date "03.02.2023"]
[Round "6"]
[White "Kamsky, Gata"]
[Black "Lobanov, Sergei"]
[Result "1-0"]
[WhiteTitle ""]
[BlackTitle ""]
[WhiteElo "2664"]
[BlackElo "2545"]
[WhiteFideId "2000024"]
[BlackFideId "24183750"]
[EventDate "2023.02.03"]

1. e4 e5 2. Nf3 Nc6 3. Bb5 a6 4. Ba4 Bc5 5. O-O Nge7 6. c3 Ba7 7. d4 Ng6 8. Be3
O-O 9. Re1 d6 10. Bxc6 bxc6 11. dxe5 Bxe3 12. Rxe3 Nxe5 13. Nxe5 dxe5 14. Nd2
Be6 15. Qc2 a5 16. Rd1 Qe7 17. c4 Rfd8 18. b3 a4 19. h3 Qd6 20. Ree1 Qb4 21. Nf3
f6 22. Rxd8+ Rxd8 23. Rd1 Rd6 24. Rd3 Kf7 25. Kf1 Ke7 26. Ke2 Qa3 27. Ne1 h5 28.
h4 axb3 29. axb3 Qa1 30. Rd1 Rxd1 31. Qxd1 Qb2+ 32. Qc2 Qd4 33. Qd3 Qb2+ 34. Qc2
Qd4 35. Qd3 Qb2+ 36. Nc2 c5 37. Kd2 Qb1 38. Qe3 Kd6 39. f3 Qf1 40. Qd3+ Qxd3+
41. Kxd3 c6 42. Ne3 Bd7 43. g4 g6 44. gxh5 gxh5 45. Nf1 Be8 46. Ng3 Bg6 47. Ke3
Ke6 48. Ne2 Kd6 49. Nc1 Be8 50. Nd3 Bd7 51. Kd2 Bh3 52. Nf2 Bd7 53. Nh1 Be8 54.
Ng3 Bg6 55. Kc3 Kc7 56. Kb2 Kb6 57. Ka3 Ka5 58. Ne2 Bf7 59. Nc3 Be6 60. Na4 Bh3
61. Nxc5 Bg2 62. Nd7 Bxf3 63. Nxf6 c5 64. Kb2 Kb4 65. Nd7 Bxe4 66. Nxe5 Ka5 67.
Nd7 Kb4 68. Nf6 1-0

[Event "Airthings Masters - Torneo Preliminare"]
[Site "Internet"]
[Date "03.02.2023"]
[Round "6"]
[White "Narayanan, Srinath"]
[Black "Hakobyan, Aram"]
[Result "1/2-1/2"]
[WhiteTitle ""]
[BlackTitle ""]
[WhiteElo "2559"]
[BlackElo "2620"]
[WhiteFideId "5018420"]
[BlackFideId "13306677"]
[EventDate "2023.02.03"]

1. Nf3 d5 2. e3 Nf6 3. c4 e6 4. b3 Be7 5. Bb2 O-O 6. Be2 c5 7. cxd5 exd5 8. O-O
Nc6 9. d4 Bg4 10. dxc5 Bxc5 11. Nc3 a6 12. Rc1 Bd6 13. h3 Bh5 14. Nd4 Bxe2 15.
Nxc6 Bxd1 16. Nxd8 Rfxd8 17. Rfxd1 Be5 18. Na4 Bxb2 19. Nxb2 Rac8 20. Na4 h5 21.
Kf1 Kf8 22. Nb6 Rxc1 23. Rxc1 Ne8 24. Rc5 d4 25. exd4 Rxd4 26. Rxh5 Rd2 27. a4
Nd6 28. Rd5 Ne4 29. Ke1 Rb2 30. Re5 Nxf2 31. Re3 Nh1 32. g4 g6 33. Nd7+ Kg7 34.
Nc5 Rb1+ 35. Ke2 Rb2+ 36. Kf1 f5 37. g5 b6 38. Nd7 f4 39. Rf3 Ng3+ 40. Ke1 Rb1+
41. Kd2 b5 42. Nc5 bxa4 43. bxa4 Rb4 44. Kc3 a5 45. Kd3 Kf7 46. Kd2 Nf5 47. Nd3
Rxa4 48. Nxf4 Ra2+ 49. Kc1 Nd4 50. Rd3 Ne2+ 51. Nxe2 Rxe2 52. Rd7+ Ke6 53. Ra7
Re5 54. h4 Kf5 55. Ra6 Kg4 56. Rxg6 Kxh4 57. Rg8 Rxg5 58. Rxg5 Kxg5 59. Kb2 Kf5
60. Ka3 Ke5 61. Ka4 Kd6 62. Kxa5 1/2-1/2

[Event "Airthings Masters - Torneo Preliminare"]
[Site "Internet"]
[Date "03.02.2023"]
[Round "6"]
[White "Mitrabha, Guha"]
[Black "Le, Quang Liem"]
[Result "0-1"]
[WhiteTitle ""]
[BlackTitle ""]
[WhiteElo "2510"]
[BlackElo "2728"]
[WhiteFideId "5057000"]
[BlackFideId "12401137"]
[EventDate "2023.02.03"]

1. d4 Nf6 2. c4 e6 3. g3 d5 4. Bg2 dxc4 5. Qa4+ Nbd7 6. Qxc4 a6 7. Be3 Nd5 8.
Qc1 Nxe3 9. Qxe3 Be7 10. Nc3 O-O 11. Nf3 c5 12. O-O cxd4 13. Qxd4 Bf6 14. Qd6
Nb6 15. Qxd8 Rxd8 16. Rad1 Bd7 17. Nd2 Bxc3 18. bxc3 Na4 19. Rc1 Rab8 20. Nb3
Rdc8 21. c4 Kf8 22. c5 Rc7 23. Rc2 Bc6 24. Bxc6 Rxc6 25. Rfc1 Rbc8 26. Rc4 b5
27. R4c2 Ke7 28. Kg2 R6c7 29. f4 b4 30. Rc4 Nc3 31. Rc2 f5 32. Kf3 Rb8 33. a3
Nd5 34. axb4 Nxb4 35. Rd2 Nc6 36. Nd4 Nxd4+ 37. Rdxd4 Rb5 38. Rd2 Rcxc5 39. Rcd4
Rd5 40. Rxd5 Rxd5 41. Rb2 a5 42. Rb7+ Rd7 43. Rb3 a4 44. Ra3 Rd4 45. Ke3 Rb4 46.
Rc3 Kd6 47. Kd2 Rb2+ 48. Ke1 Rb7 49. Kd2 Ra7 50. Ra3 Kc5 51. Kc3 Kb5 52. Kb2 Kb4
53. Rd3 Rc7 54. Rd4+ Rc4 55. Rd7 a3+ 56. Kb1 Re4 57. Rxg7 h5 58. Rb7+ Kc3 59.
Ra7 Kb4 60. Rb7+ Kc4 61. Rc7+ Kd4 62. Ra7 Rxe2 63. Ra4+ Kd5 64. Ra5+ Ke4 65.
Rxa3 Rxh2 66. Ra6 Kf3 67. Rxe6 Kxg3 68. Kc1 h4 69. Kd1 Ra2 70. Rg6+ Kxf4 71. Rh6
Kg4 72. Rg6+ Kh5 73. Rg8 h3 0-1

[Event "Airthings Masters - Torneo Preliminare"]
[Site "Internet"]
[Date "03.02.2023"]
[Round "6"]
[White "Paravyan, David"]
[Black "Bartel, Mateusz"]
[Result "1-0"]
[WhiteTitle ""]
[BlackTitle ""]
[WhiteElo "2586"]
[BlackElo "2615"]
[WhiteFideId "4194985"]
[BlackFideId "1112635"]
[EventDate "2023.02.03"]

1. e4 e6 2. d4 d5 3. Nd2 Be7 4. c3 c5 5. exd5 exd5 6. Ngf3 Nc6 7. Bb5 Nf6 8. O-O
O-O 9. dxc5 Bxc5 10. Nb3 Bb6 11. Bg5 a6 12. Be2 Be6 13. Nfd4 h6 14. Bh4 g5 15.
Bg3 Ne4 16. Bd3 Qf6 17. Re1 Nxg3 18. hxg3 Rfe8 19. Qf3 Qxf3 20. gxf3 Kg7 21. Kg2
Nxd4 22. Nxd4 Bxd4 23. cxd4 Rac8 24. a3 Rc6 25. Rec1 Rec8 26. Rxc6 Rxc6 27. Kf1
h5 28. Ke2 Rc8 29. Rh1 Rh8 30. Kf1 h4 31. Kg2 Kf6 32. Re1 a5 33. g4 Rc8 34. Kh3
Rc6 35. a4 Rc8 36. Ra1 b6 37. Kg2 Bd7 38. Ra3 Ke7 39. Rb3 Rb8 40. Ra3 Kd6 41.
Kh3 f6 42. Bf5 Bc6 43. Kg2 Re8 44. Rb3 Kc7 45. Rc3 Kd6 46. Rb3 Kc7 47. Rc3 Kb7
48. b3 Re2 49. f4 Rd2 50. Rd3 Rxd3 51. Bxd3 Kc7 52. Kh3 Kd6 53. fxg5 fxg5 54. f4
gxf4 55. Kxh4 Bd7 56. g5 Ke7 57. Be2 Bf5 58. Bf3 Ke6 59. Kh5 Bc2 60. Kh6 Be4 61.
g6 1-0

[Event "Airthings Masters - Torneo Preliminare"]
[Site "Internet"]
[Date "03.02.2023"]
[Round "6"]
[White "Ter-Sahakyan, Samvel"]
[Black "Rakhmanov, Aleksandr"]
[Result "1-0"]
[WhiteTitle ""]
[BlackTitle ""]
[WhiteElo "2616"]
[BlackElo "2635"]
[WhiteFideId "13302531"]
[BlackFideId "4173708"]
[EventDate "2023.02.03"]

1. d4 Nf6 2. c4 d6 3. Nf3 g6 4. Nc3 Bf5 5. Bg5 Ne4 6. Nxe4 Bxe4 7. e3 Bg7 8. Bd3
Bxd3 9. Qxd3 Nc6 10. O-O O-O 11. e4 Qd7 12. Rfe1 e5 13. d5 Nd4 14. Nxd4 exd4 15.
Rac1 c5 16. dxc6 bxc6 17. c5 Rfe8 18. cxd6 Qxd6 19. Bd2 a5 20. b3 c5 21. Rc4 Bf8
22. Ra4 Qc7 23. Rc1 Qb6 24. f3 Bd6 25. g3 Qb7 26. Kg2 Ra6 27. Rc2 Rea8 28. Bc1
Qd7 29. Bd2 h5 30. h4 Qb7 31. Be1 Re8 32. Bf2 Rea8 33. Re2 Bf8 34. Be1 Re6 35.
Rxa5 Rae8 36. Qb5 Qxb5 37. Rxb5 f5 38. Bd2 fxe4 39. Rxe4 Rxe4 40. fxe4 Rxe4 41.
Kf3 Re6 42. a4 d3 43. Rb8 Kf7 44. Rd8 Bd6 45. a5 Re2 46. Bg5 Ke6 47. Re8+ Kd5
48. Rxe2 dxe2 49. Bd2 Kc6 50. Be1 Kb5 51. Kxe2 Bc7 52. Kd3 Bxa5 53. Bxa5 Kxa5
54. Kc4 Kb6 55. Kd5 Kb5 56. Kd6 Kb6 57. Ke5 Ka5 58. Kd5 Kb5 59. Kd6 Kb6 60. Ke6
Ka5 61. Kd7 Kb6 62. Kd6 Kb5 63. Kc7 c4 64. bxc4+ Kxc4 65. Kd6 Kd4 66. Ke6 Ke4
67. Kf6 Kf3 68. Kxg6 Kg4 69. Kh6 Kxg3 70. Kxh5 Kf4 71. Kg6 Ke5 72. h5 1-0

[Event "Airthings Masters - Torneo Preliminare"]
[Site "Internet"]
[Date "03.02.2023"]
[Round "6"]
[White "Perez Ponsa, Federico"]
[Black "Tang, Andrew"]
[Result "0-1"]
[WhiteTitle ""]
[BlackTitle ""]
[WhiteElo "2532"]
[BlackElo "2522"]
[WhiteFideId "117927"]
[BlackFideId "2059630"]
[EventDate "2023.02.03"]

1. e4 e5 2. Nf3 Nc6 3. Bb5 g6 4. O-O Bg7 5. c3 a6 6. Ba4 b5 7. Bc2 d6 8. d4 exd4
9. cxd4 Bg4 10. Be3 Bxf3 11. gxf3 Qf6 12. e5 dxe5 13. dxe5 Nxe5 14. Be4 Rd8 15.
Qe2 Ne7 16. Nc3 O-O 17. Rad1 Nc4 18. Bc1 c6 19. f4 Nf5 20. Rxd8 Rxd8 21. Bg2 Nd4
22. Qg4 Qf5 23. Qxf5 gxf5 24. b3 b4 25. Na4 Nd2 26. Rd1 Ne4 27. Kf1 Nc3 28. Nxc3
bxc3 29. Be3 c5 30. Rc1 c2 31. Bxd4 cxd4 32. Rxc2 d3 33. Rd2 Bc3 34. Rd1 Rd4 35.
Bh3 Rd5 36. Bg2 Rd6 37. Bh3 Rd5 38. Bg2 Rd8 39. Bh3 d2 40. Bxf5 Re8 41. Kg2 Re1
42. Bc2 h6 43. a3 Kf8 44. b4 Ke7 45. Kf3 Kd6 46. Bb3 f5 47. Kg2 Kc6 48. Kf3 Kb5
49. Kg2 a5 50. bxa5 Bxa5 51. Kf3 Kc5 52. Bc2 Kd4 53. Ba4 Kc3 54. Kg2 Bc7 55. Kf3
Re4 56. Bc6 Rxf4+ 57. Ke3 Rd4 58. Bf3 Rd3+ 59. Ke2 Kc2 60. Bh5 Rd4 61. Bf3 Bxh2
62. Rh1 Bf4 63. Rd1 Ra4 64. Bh5 Rxa3 65. Rh1 Ra5 66. Bg6 Re5+ 67. Kf3 Bg5 68.
Kg3 d1=Q 69. Rxd1 Kxd1 70. f4 Re3+ 71. Kf2 Bxf4 0-1

[Event "Airthings Masters - Torneo Preliminare"]
[Site "Internet"]
[Date "03.02.2023"]
[Round "6"]
[White "Vokhidov, Shamsiddin"]
[Black "Deac, Bogdan-Daniel"]
[Result "1/2-1/2"]
[WhiteTitle ""]
[BlackTitle ""]
[WhiteElo "2601"]
[BlackElo "2700"]
[WhiteFideId "14204223"]
[BlackFideId "1226380"]
[EventDate "2023.02.03"]

1. e4 e5 2. Nf3 Nc6 3. Nc3 Nf6 4. h3 Bb4 5. Nd5 O-O 6. c3 Bd6 7. Nxf6+ Qxf6 8.
Bd3 a5 9. O-O Bc5 10. Bc2 d6 11. d3 Bd7 12. a4 Rae8 13. Kh1 Bb6 14. Nd2 Qh4 15.
Nf3 Qh5 16. Nd2 Qxd1 17. Bxd1 f5 18. Nc4 Bc5 19. Be3 Bxe3 20. Nxe3 fxe4 21. dxe4
Ne7 22. Be2 b6 23. Bc4+ Kh8 24. f3 Ra8 25. Bb5 Be6 26. Rfd1 g5 27. Kg1 h5 28.
Kf2 h4 29. Bc4 Bd7 30. Bd5 Ra7 31. Rd2 Kg7 32. Bb3 Ng6 33. Nc4 Be6 34. Nxa5 Bd7
35. Nc4 b5 36. Ne3 bxa4 37. Bd1 Rfa8 38. Ra3 Bc6 39. Be2 Nf4 40. Bc4 Kf6 41.
Ng4+ Ke7 42. Ne3 Kd7 43. Rd1 Kc8 44. Rda1 Kb8 45. Nc2 Bd7 46. Ne3 Bc6 47. R3a2
Kb7 48. Ra3 Bd7 49. Rd1 Kc8 50. Rd2 Bc6 51. Nf5 Bd7 52. Ne3 Bc6 53. Ng4 Bd7 54.
Nh6 Be6 55. Bb5 Bd7 56. Bc4 Be6 57. Bb5 Ra5 58. Bc6 R8a6 59. Be8 Kd8 60. Bf7 Ke7
61. Bxe6 Nxe6 62. Nf5+ Kd7 63. Ne3 Ra8 64. Nc4 Rc5 65. Ne3 Rca5 66. Nc4 Rc5 67.
Ne3 Rb5 68. b4 axb3 69. Rxa8 b2 70. Rxb2 Rxb2+ 71. Kf1 Nf4 72. Rg8 Ne2 73. Nd5
Ng3+ 74. Kg1 c6 75. Rg7+ Kd8 76. Rg8+ Kd7 77. Rg7+ Kd8 78. Rg8+ Kd7 1/2-1/2

[Event "Airthings Masters - Torneo Preliminare"]
[Site "Internet"]
[Date "03.02.2023"]
[Round "6"]
[White "Radjabov, Teimour"]
[Black "Pranav, V"]
[Result "0-1"]
[WhiteTitle ""]
[BlackTitle ""]
[WhiteElo "2747"]
[BlackElo "2545"]
[WhiteFideId "13400924"]
[BlackFideId "25060783"]
[EventDate "2023.02.03"]

1. Nf3 Nf6 2. c4 e6 3. Nc3 Bb4 4. d4 b6 5. e3 Bb7 6. Bd3 O-O 7. O-O d6 8. Qc2
Bxc3 9. Qxc3 Nbd7 10. b3 Ne4 11. Qc2 f5 12. Ne1 Qh4 13. f3 Ng5 14. Qf2 Qh5 15.
Qg3 Rf6 16. h4 Nf7 17. Bb2 Rh6 18. d5 Nde5 19. dxe6 Rxe6 20. Qf4 Rf6 21. Rd1 Re8
22. Bb1 Ng6 23. Qg3 Rfe6 24. Nc2 Qxh4 25. Qxh4 Nxh4 26. Kf2 f4 27. e4 Ne5 28.
Rh1 g5 29. Nd4 R6e7 30. Rh2 a6 31. Rdh1 Neg6 32. Bd3 Bc8 33. a3 Bd7 34. Rd1 Ne5
35. Be2 h6 36. Rhh1 Kh7 37. Nc2 Kg6 38. Nb4 Bc8 39. Nd5 Rf7 40. b4 Be6 41. Rd2
Kh7 42. Rc1 g4 43. Rh1 g3+ 44. Kf1 Nhg6 45. Rh5 Bxd5 46. exd5 Rfe7 47. Rc2 Nf7
48. Bf6 Re3 49. Bc3 Ng5 50. a4 Ne5 51. Bd2 Rxe2 52. Kxe2 Nexf3+ 53. Kd3 Nxd2 54.
Rxd2 Re3+ 55. Kc2 Kg6 56. Rh4 Re4 57. Kd3 Re3+ 58. Kc2 Ne4 59. Rd4 Kg5 60. Rh1
h5 61. a5 bxa5 62. bxa5 h4 63. Rf1 Nf2 64. Kd2 Ra3 65. Ke2 h3 66. gxh3 Nxh3 67.
c5 g2 0-1

[Event "Airthings Masters - Torneo Preliminare"]
[Site "Internet"]
[Date "03.02.2023"]
[Round "6"]
[White "Lazavik, Denis"]
[Black "Praggnanandhaa, R"]
[Result "1-0"]
[WhiteTitle ""]
[BlackTitle ""]
[WhiteElo "2541"]
[BlackElo "2690"]
[WhiteFideId "13515110"]
[BlackFideId "25059530"]
[EventDate "2023.02.03"]

1. d4 Nf6 2. c4 e6 3. Nf3 Bb4+ 4. Bd2 Qe7 5. g3 Bxd2+ 6. Qxd2 Nc6 7. b3 O-O 8.
Bg2 d5 9. O-O dxc4 10. bxc4 e5 11. d5 Nb8 12. Qc3 Re8 13. Nfd2 e4 14. Nb3 Bg4
15. f3 Bf5 16. Nd4 Bg6 17. f4 h6 18. Nd2 Nbd7 19. N2b3 Rac8 20. Na5 c6 21. dxc6
bxc6 22. Rab1 Nb6 23. Naxc6 Qd6 24. Ne5 Nfd7 25. Nxg6 Rxc4 26. Qe3 Qxd4 27. Qxd4
Rxd4 28. Nh4 Rd2 29. Nf5 Nf6 30. e3 g6 31. Nd4 Nbd5 32. Rf2 Rxf2 33. Kxf2 Ng4+
34. Ke1 Ngxe3 35. Bf1 Rc8 36. Ba6 Rc3 37. Rb3 Rc1+ 38. Ke2 Ra1 39. Ra3 Rh1 40.
Bb7 Rxh2+ 41. Ke1 Nc4 42. Rxa7 Nf6 43. Bc6 e3 44. Bb5 Nd6 45. Bd3 Rd2 46. Ra3
Nh5 47. Ne2 Nf6 48. Kf1 Nd5 49. Rb3 Rxa2 50. Rb8+ Kg7 51. Rd8 Ra3 52. Bxg6 fxg6
53. Rxd6 Nf6 54. Kg2 h5 55. Kf3 Ng4 56. Rd7+ Kh6 57. Rd6 Ra1 58. Nd4 Rf1+ 59.
Ke4 Rf2 60. Re6 Kg7 61. f5 Kf7 62. fxg6+ Kg8 63. Nf5 Kf8 64. g7+ Kf7 65. Re7+
Kf6 66. g8=Q 1-0

[Event "Airthings Masters - Torneo Preliminare"]
[Site "Internet"]
[Date "03.02.2023"]
[Round "6"]
[White "Sankalp, Gupta"]
[Black "Jumabayev, Rinat"]
[Result "1-0"]
[WhiteTitle ""]
[BlackTitle ""]
[WhiteElo "2504"]
[BlackElo "2609"]
[WhiteFideId "5097010"]
[BlackFideId "13702661"]
[EventDate "2023.02.03"]

1. d4 e6 2. e4 d5 3. e5 c5 4. c3 Nc6 5. Nf3 Bd7 6. Be2 Nge7 7. Na3 cxd4 8. cxd4
Ng6 9. Nc2 Be7 10. O-O O-O 11. Bd3 Rc8 12. g3 f6 13. exf6 Bxf6 14. Bxg6 hxg6 15.
Re1 g5 16. Ne3 Be8 17. Ng4 Bh5 18. h3 Qe7 19. Be3 Qf7 20. Kg2 Be7 21. Nfh2 Bg6
22. a3 e5 23. Nxe5 Nxe5 24. dxe5 Rc2 25. Ng4 Be4+ 26. Kg1 Rxb2 27. Bd4 Rb5 28.
Re3 b6 29. Qa4 Ra5 30. Qd7 Bc5 31. Qxf7+ Rxf7 32. Bxc5 Rxc5 33. Rae1 Re7 34. Nh2
Kf7 35. f3 Bf5 36. g4 Bc2 37. Nf1 d4 38. R3e2 Ke6 39. Nd2 Bd3 40. Rf2 Kd5 41. f4
gxf4 42. Rxf4 Rxe5 43. Rxd4+ Kxd4 44. Nf3+ Kc3 45. Nxe5 Bc2 46. h4 b5 47. g5 a5
48. Kf2 b4 49. axb4 Kxb4 50. Nd7 Rc7 51. Nb6 Kc5 52. Re6 Rb7 53. Nc8 a4 54. Ra6
Kb4 55. Nd6 Rd7 56. Ne8 a3 57. h5 Ba4 58. Rb6+ Bb5 59. Nd6 Ka4 60. Nxb5 Ka5 61.
Rb8 a2 62. Nc3 a1=Q 63. Ra8+ Kb4 64. Rxa1 Kxc3 65. Ke3 Kc4 66. Rc1+ Kb5 67. Kf4
Rf7+ 68. Ke5 Rf2 69. Ke6 Kb6 70. g6 Kb7 71. Rd1 Kc8 72. Ke7 Rf5 73. h6 gxh6 74.
g7 Rg5 75. Kf7 1-0

[Event "Airthings Masters - Torneo Preliminare"]
[Site "Internet"]
[Date "03.02.2023"]
[Round "6"]
[White "Dominguez Perez, Leinier"]
[Black "Antipov, Mikhail Al."]
[Result "1/2-1/2"]
[WhiteTitle ""]
[BlackTitle ""]
[WhiteElo "2743"]
[BlackElo "2581"]
[WhiteFideId "3503240"]
[BlackFideId "4107012"]
[EventDate "2023.02.03"]

1. e4 e5 2. Nf3 Nc6 3. Bb5 Nf6 4. O-O Nxe4 5. d4 Nd6 6. Bxc6 dxc6 7. dxe5 Nf5 8.
Qxd8+ Kxd8 9. h3 Be7 10. Nc3 Nh4 11. Nxh4 Bxh4 12. Be3 h5 13. Rad1+ Ke8 14. Ne2
b6 15. Rfe1 Bd7 16. Bf4 Rd8 17. Nd4 c5 18. e6 cxd4 19. exd7+ Kxd7 20. Be5 c5 21.
Bxd4 cxd4 22. Rxd4+ Kc6 23. Rxh4 Rd2 24. Rc4+ Kd6 25. Kf1 Rh6 26. Ree4 Rd1+ 27.
Ke2 Ra1 28. a4 Rf6 29. Red4+ Ke5 30. Re4+ Kd6 31. h4 Rf5 32. Red4+ Ke6 33. Rc6+
Ke5 34. Rcc4 Rg1 35. g3 Rb1 36. b3 g6 37. Rf4 Rxf4 38. Rxf4 Ke6 39. Kd3 Rc1 40.
Kd2 Ra1 41. Rc4 Kd6 42. Rd4+ Ke6 43. Rf4 f6 44. Kc3 Rc1 45. Kd2 Rf1 46. Ke2 Rc1
47. Rc4 Kd6 48. Ke3 Rf1 49. Kf3 Rc1 50. Ke2 Kd7 51. Kd2 Rf1 52. Rf4 Ke6 53. Rf3
g5 54. hxg5 fxg5 55. Rf8 h4 56. gxh4 gxh4 57. Ke3 Rc1 58. Kd3 Rd1+ 59. Kc4 Rd2
60. c3 Kd7 61. Rf7+ Kc6 62. Rxa7 Rxf2 63. Rh7 Rf4+ 64. Kd3 Rf3+ 65. Kd4 Rf4+ 66.
Ke3 Rg4 67. Rh6+ Kb7 68. b4 Rg3+ 69. Kd4 Rg4+ 70. Kd3 Kc7 71. Kc2 Kb7 72. Kb3
Kc7 73. b5 Re4 74. Rh7+ Kc8 75. c4 Re3+ 76. Kb4 Re1 77. Rh8+ Kc7 78. Rxh4 Rb1+
79. Kc3 Ra1 80. Kb3 Rb1+ 81. Ka2 Rb4 82. Ka3 Rb1 83. Rh7+ Kb8 84. Rh6 Kb7 85.
Rh7+ Kb8 86. Rh3 Ra1+ 87. Kb4 Rc1 88. Rc3 Rb1+ 89. Ka3 Ra1+ 90. Kb3 Rb1+ 91. Ka2
Rb4 92. Ka3 Rb1 93. c5 bxc5 94. Rxc5 Kb7 95. Rc6 Ka7 96. Rc3 Kb6 97. Rc6+ Kb7
98. Rg6 Ka7 99. Rg2 Kb6 100. Ka2 Rb4 101. Rg6+ Kb7 102. Ka3 Rb1 103. Ra6 Kc7
104. Rf6 Kb7 105. Rf5 Kb6 106. Rf8 Ra1+ 107. Kb3 Rb1+ 108. Ka2 Rb4 109. Rf6+ Kb7
110. Ra6 Kc7 111. Ka3 Rb1 112. Rc6+ Kb7 113. Rc2 Kb6 114. Rb2 Rh1 115. Rb3 Rg1
116. Rb4 Rg2 117. Kb3 Rg3+ 118. Kc4 Rg4+ 119. Kc3 Rg3+ 120. Kc2 Rg2+ 121. Kd3
Rg3+ 122. Ke2 Ra3 123. Rc4 Kb7 124. Kd2 Kb6 125. Rc6+ Kb7 126. Rc4 Kb6 127. Kc2
Rh3 128. Kb2 Ka5 129. Rd4 Rg3 130. Rc4 Rh3 131. Rc3 Rh4 132. Ra3 Rg4 133. Kc2
Rh4 134. Kb2 Rg4 135. Rb3 Kxa4 136. Rc3 Kxb5 137. Rb3+ Rb4 138. Rxb4+ Kxb4 1/2-1/2

[Event "Airthings Masters - Torneo Preliminare"]
[Site "Internet"]
[Date "03.02.2023"]
[Round "7"]
[White "Lenderman, Aleksandr"]
[Black "Theodorou, Nikolas"]
[Result "1/2-1/2"]
[WhiteTitle ""]
[BlackTitle ""]
[WhiteElo "2572"]
[BlackElo "2584"]
[WhiteFideId "2021285"]
[BlackFideId "4262875"]
[EventDate "2023.02.03"]

1. Nf3 Nf6 2. c4 g6 3. Nc3 Bg7 4. e4 d6 5. d4 O-O 6. Be2 e5 7. O-O Bg4 8. d5 a5
9. Be3 Na6 10. Ne1 Bd7 11. Nd3 h5 1/2-1/2

[Event "Airthings Masters - Torneo Preliminare"]
[Site "Internet"]
[Date "03.02.2023"]
[Round "7"]
[White "Oparin, Grigoriy"]
[Black "Xu, Xiangyu"]
[Result "1/2-1/2"]
[WhiteTitle ""]
[BlackTitle ""]
[WhiteElo "2667"]
[BlackElo "2578"]
[WhiteFideId "24125890"]
[BlackFideId "8608288"]
[EventDate "2023.02.03"]

1. d4 Nf6 2. c4 e6 3. Nf3 d5 4. g3 dxc4 5. Bg2 Bb4+ 6. Bd2 a5 7. Qc2 Bxd2+ 8.
Qxd2 c6 9. a4 b5 10. axb5 cxb5 11. Qg5 O-O 12. Qxb5 Ba6 13. Qa4 Qb6 14. O-O Qxb2
15. Nbd2 Bb5 16. Nxc4 Bxa4 17. Nxb2 Bb5 1/2-1/2